000 00615nam a22001937a 4500
005 20240229152856.0
010 _aENG-139344
020 _a9788193465349
_c450.00
035 _aEN-122876
037 _adpl
037 _bDBAD/PUB
082 _a181.49
245 _aWill:
_bSahaj Marg Educational Series/
_cCompillation Supervised By Ferinanad Wulliemier
260 _aKolkata
_bShri Ram Chandra Mission
_c2017
270 _aSpiritual Hierarchy Publication Trust
_bKolkata
_e700027
300 _axii,264p
_c24cm(hbk)
700 _aWulliemier, Ferinanad
_962624
942 _2ddc
_cEN
_h181.49
_mWIL
999 _c201154
_d201154